000 00658cam a22002055a 4500
001 L154816
002 19032
008 120120s2011 xxk f 000 0 eng d
020 _a9780749466237
035 _a(Sirsi) u154816
041 0 _aeng
050 0 4 _a346.41024 $2 18
100 1 _aDavies, Alex
245 0 0 _aWorkplace law handbook 2012
_bemployment law and human resources
260 _aCambridge
_bWorkplace Law
_c2011
520 _aWritten in a simple and concise format, this guide covers every aspect of the laws governing employment and human resources.
651 4 _aEngland and Wales
_y1543-
690 _aBusiness and management
942 _n0
999 _c113175
_d113175